Normal view
MARC view
Entry Geographic Name
001 - CONTROL NUMBER
- control field: 14912
003 - CONTROL NUMBER IDENTIFIER
- control field: ARRUPE
005 - DATE AND TIME OF LATEST TRANSACTION
- control field: 20150209122556.0
008 - FIXED-LENGTH DATA ELEMENTS
- fixed length control field: 150209|| aca||aabn | a|a d
040 ## - CATALOGING SOURCE
- Original cataloging agency: ARRUPE
- Transcribing agency: ARRUPE
151 ## - HEADING--GEOGRAPHIC NAME
- Geographic name: Ghana
- General subdivision: History
- Form subdivision: Dictionaries.
670 ## - SOURCE DATA FOUND
- Source citation: Work cat.: (ARRUPE)0: Owusu-Ansah, David. 14911, Historical dictionary of Ghana /, 2005.